| 000 | 00569nam a2200205 4500 | ||
|---|---|---|---|
| 001 | 123374 | ||
| 003 | ES-MaACL | ||
| 005 | 20230906192148.0 | ||
| 007 | t| | ||
| 008 | 070214s1947 ag r ||||1| spa d | ||
| 100 | 1 |
_aRadaelli, Sigfrido A. _994906 |
|
| 245 | 1 | 3 |
_aLa irreverencia histórica / _cSigfrido A. Radaelli. |
| 250 | _a2ª ed. | ||
| 260 |
_aBuenos Aires : _bEd. Sudamericana, _c1947. |
||
| 300 |
_a129 p. ; _c17 cm. |
||
| 490 | 1 | _aEnsayos breves | |
| 830 | 0 |
_aEnsayos breves _9184041 |
|
| 852 |
_aES-MaACL _jD-7479 _bR.29554 |
||
| 999 |
_c123374 _d123374 |
||